00367pam a2200145 a 4500020000500000040002500005041001300030082001600043100002200059245006100081260003600142300001300178365001000191653002000201 c aMedical College Lib. aENGhENG a616.89bBHU aBhugra, D. B. . aCase Presentations in Psychiatry / chTextual Documents a : bJaypee Brothers , c1994. a139 ; c a75=00 aMedical Science